Welcome to CMRU - Online Public Access Catalogue (OPAC)

Why I Am an Atheist and Other Works (Record no. 10156)

MARC details
000 -LEADER
fixed length control field 01408nam a22002057a 4500
003 - CONTROL NUMBER IDENTIFIER
control field OSt
005 - DATE AND TIME OF LATEST TRANSACTION
control field 20251229145434.0
008 - FIXED-LENGTH DATA ELEMENTS--GENERAL INFORMATION
fixed length control field 251229b |||||||| |||| 00| 0 eng d
020 ## - INTERNATIONAL STANDARD BOOK NUMBER
International Standard Book Number 9789387022812
040 ## - CATALOGING SOURCE
Transcribing agency SoET Library
082 ## - DEWEY DECIMAL CLASSIFICATION NUMBER
Classification number 320.51 SIN
100 ## - MAIN ENTRY--PERSONAL NAME
Personal name Singh, Bhagat
9 (RLIN) 3028
245 ## - TITLE STATEMENT
Title Why I Am an Atheist and Other Works
260 ## - PUBLICATION, DISTRIBUTION, ETC.
Place of publication, distribution, etc. New Delhi:
Name of publisher, distributor, etc. Srishti Publishers and Distributors,
Date of publication, distribution, etc. 2020.
300 ## - PHYSICAL DESCRIPTION
Extent x, 126 p.
520 ## - SUMMARY, ETC.
Summary, etc. Bhagat Singh is a name that became synonymous with revolution in India's struggle for Independence. This young boy brought about a change in the way people thought about freedom. He was well read and fought extensively for rights - his own, his comrades' and his countrymen's. A discussion with a friend soon turned into a matter of self-assessment for Bhagat Singh, leading to a discourse on why he chose to be an atheist. Even in the face of death at a very young age, his uncanny observation leads to his putting forth some pertinent questions. On another occasion, he was disappointed with his father's plea in court for his innocence and chose to write a letter to him. This book is a collection of eighteen of his valued writings from within the walls of prison and outside it, which show us the resolve in his words, and the bravery in his acts subsequently.<br/><br/>
650 ## - SUBJECT ADDED ENTRY--TOPICAL TERM
Topical term or geographic name entry element Political philosophy
9 (RLIN) 3029
650 ## - SUBJECT ADDED ENTRY--TOPICAL TERM
Topical term or geographic name entry element Atheism
9 (RLIN) 3030
942 ## - ADDED ENTRY ELEMENTS (KOHA)
Source of classification or shelving scheme Dewey Decimal Classification
Koha item type Books
Holdings
Date last seen Total Checkouts Full call number Barcode Date last checked out Bill date Copy number Price effective from Koha item type Lost status Source of classification or shelving scheme Damaged status Not for loan Withdrawn status Home library Current library Date acquired Source of acquisition Cost, normal purchase price BillNo
2026-03-25 2 320.51 SIN 008779 2026-03-13 23/12/2025 1 2025-12-29 Books   Dewey Decimal Classification       School of Engineering and Technology School of Engineering and Technology 2025-12-29 Educational Supplies 199.00 61330 23/12/2025
Designed and maintained by the Library and Information Centre, CMR University, Bengaluru.

VISITORS
web counter

 

Powered by Koha